000 00395nam a2200121Ia 4500
008 220616s9999||||xx |||||||||||||| ||und||
245 0 _aEIB Group Activity Report 2019
546 _aEnglish[eng]
650 _aBusiness & Economics||Finance||General
700 _aInvestment Bank, European
856 _uhttps://library.oapen.org/bitstream/20.500.12657/43379/1/external_content.epub
942 _cEB
999 _c20356
_d20356